Five Word Number 1 Singles - Statistics

General Stats
  • This quiz has been taken 20 times
  • The average score is 4 of 15
Answer Stats
Hint Answer % Correct
Whitney Houston - 1992 I Will Always Love You
87%
Rick Astley - 1987 Never Gonna Give You Up
87%
Julie Covington - 1976 Don't Cry For Me Argentina
40%
Yazz & The Plastic Population - 1988 The Only Way is Up
40%
R Kelly - 1997 I Believe I Can Fly
33%
Backstreet Boys - 1999 I Want It That Way
33%
Abba - 1980 The Winner Takes It All
27%
David Essex - 1974 Gonna Make You A Star
20%
Brotherhood Of Man - 1976 Save Your Kisses For Me
20%
Cilla Black - 1964 Anyone Who Had A Heart
13%
The Walker Brothers - 1965 Make It Easy On Yourself
13%
Bucks Fizz - 1981 The Land Of Make Believe
13%
Emma Bunton - 2001 What Took You So Long
7%
Troggs - 1966 With A Girl Like You
0%
Elvis Presley - 1963 You're The Devil In Disguise
0%
No matching quizzes found
Score Distribution
Percent of People with Each Score
Percentile by Number Answered
Your Score History
You have not taken this quiz